Statistics for Eastenders Quiz

Click here to take the quiz!

General Stats

  • This quiz has been taken 180 times
  • The average score is 12 of 20

Answer Stats

QuestionAnswer% Correct
What is the name of the pub?Queen Victoria
91%
Eastenders is set on what fictional square?Albert Square
88%
Which instrument did Sonia famously play?Trumpet
83%
Which family included Zainab, Syed and Tamwar?Masood
77%
In what year did Eastenders celebrate their 25th year which involved a live episode?2010
76%
Both Jean and Stacey Slater have which mental health condition?Bipolar Disorder
74%
Who fell to their death in the live episode?Bradley Branning
74%
What relation is Kathy Beale to Lexi Pearce?Grandmother
70%
Little Mo killed Trevor Morgan with what household item?Iron
69%
In which location did Jim Branning propose to Dot Cotton?London Eye
64%
Who was Heather Trott's idol?George Michael
60%
Ian Beale, Eastenders' longest running character is played by who?Adam Woodyatt
58%
Which politician featured in an episode in 2009?Boris Johnson
58%
Who was Ruby Allen's dodgy father?Johnny Allen
54%
Les and Pam Coker's grandson was killed in a homophobic attack, what was his name?Paul
54%
What was the occupation of Garry Hobbs?Mechanic
44%
Who discovered Laura Beale's body after she fell down the stairs in 2004?Pat Butcher
29%
What was the nickname of the doctor who ended up dying in a gas explosion in Dawn Swann's house?Mad May
27%
What was the name of the beauticians run by Tanya Branning?Booty
15%
What was the name of the Millers' wolfhound?Genghis
15%

Score Distribution

Percentile by Number Answered

Percent of People with Each Score

Your Score History

You have not taken this quiz